000 01036aab a2200193 i 4500
001 768714001
003 CO-MdFUSB
005 20240422105326.0
008 221010t1995 ag ||||| |||| 00| 0 spa d
040 _bspa
_cCO-MdFUSB
_dCO-MdFUSB
041 _aspa
100 1 _aBonhoeffer, Dietrich (1906-1945)
_eautor
245 1 3 _aLa comunidad cristiana
_c/ Dietrich Bonhoeffer
300 _aVolumen 14, número 1 (abril - junio, 1995), páginas: 12 - 13
_c; 27 cm
520 _aComunidad cristiana significa comunión en Jesucristo y por Jesucristo. Ninguna comunidad cristiana podrá ser más ni menos que eso. Jesucristo es el que fundamenta la necesidad que los creyentes tienen unos de otros; Jesucristo hace posible su comunión y que Jesucristo nos ha elegido desde toda la eternidad para que nos acojamos durante nuestra vida y nos mantengamos unidos siempre.
650 0 _919
_aVida cristiana
773 0 _tIglesia y Misión
_049402
_959643
_gVolumen 14, número 1 (abril - junio, 1995), páginas: 12 - 13
_qpáginas: 12
942 _cANA
999 _c52131
_d52131